00422nam a2200145Ia 4500008004100000082000800041100002500049245002200074260002000096630002200116730002200138942000900160999001900169952008800188100328s9999 xx 000 0 und d b994 aRoberts Mary- Carter aThe Abbot Sisters bVictor Gollancz aThe Abbot Sisters aThe Abbot Sisters cBOOK c497291d497288 00104070aRNVbRNVd2010-03-28l0pRNV-994r2010-03-28 00:00:00w2010-03-28yBOOK